000 00333 a2200145 4500
001 163642
020 _a
040 _cMagnum
100 _aMurad, Jose Elias
240 1 0 _aMaconha: a toxicidade silenciosa
_lpor
245 1 0 _aMaconha: a toxicidade silenciosa
362 0 _a1899
697 _aCIENCIAS MEDICAS SAUDE
942 _cBK
999 _c163642
_d163642